000 00658nab a2200181Ia 4500
003 ES-SlBCS
005 20210601142447.0
008 140529s1994 xxu||||| |||| 00| 0 spa d
041 _aspa
100 1 _aJohnson, Howard M.
_9270312
245 0 0 _aEficacia terapéutica de los interferones
_c Howard M. Johnson, Fuller W. Bazer, Brian E. Szente, Michael A. Jarpe
650 0 4 _aMedicina-Farmacología
_9269577
700 1 _aBazer, Fuller W
_9270867
700 1 _aJarpe, Michael A.
_9270868
700 1 _aSzente, Brian e
_9270869
773 0 _tInvestigacion y Ciencia (Traducción de: Scientific American)
_gnº. 214, 1994, págs. 40-47
_wRev1650
942 _cAR
999 _c677235
_d677235